00630nam a2200169Ia 4500082001200000100002100012245010100033260004900134300001000183650003200193650004300225650003800268650002900306650004400335650006400379710001700443 aTS.0005 aSaxena, Ashutosh 0aRural development and elite participation : A socio political study of two villages in West U.P. c1986bIndian Institute of Technology, Kanpur a345p. aSOCIOLOGY, RURAL///VILLAGES aINTEGRATED RURAL DEVELOPMENT PROGRAMME aRURAL DEVELOPMENT - UTTAR PRADESH aVILLAGES - UTTAR PRADESH aELITE (SOCIAL SCIENCES) - UTTAR PRADESH aRURAL DEVELOPMENT///INTEGRATED RURAL DEVELOPMENT PROGRAMME  aSharma, A.K.